logo

Bir Sreshtho Munshi Abdur Rouf Library
Jhenaidah Cadet College

তরজুমানুস্ সুন্নাহ্ / (Record no. 6339)

MARC details
000 -LEADER
fixed length control field 00678nam a2200217 a 4500
001 - CONTROL NUMBER
JCCL Control Number 6339
003 - CONTROL NUMBER IDENTIFIER
JCCL marc code BD-JhCC
005 - DATE AND TIME OF LATEST TRANSACTION
control field 20180418182224.0
008 - FIXED-LENGTH DATA ELEMENTS--GENERAL INFORMATION
fixed length control field 180121s1988 b ||||| |||| 00| 0 ben d
035 ## - SYSTEM CONTROL NUMBER
system control number (BD-JhCC)
040 ## - CATALOGING SOURCE
Original cataloging agency BD-JhCC
Modifying agency BD-JhCC
041 ## - LANGUAGE CODE
Language code of Book ben
082 ## - DEWEY DECIMAL CLASSIFICATION NUMBER
Classification number 297.124
Author mark and Year MIR 1988
100 ## - MAIN ENTRY--PERSONAL NAME
Personal name মিরাঠী, বদরে আলম
245 ## - TITLE STATEMENT
Title তরজুমানুস্ সুন্নাহ্ /
Statement of responsibility, etc বদরে আলম মিরাঠী
260 ## - PUBLICATION, DISTRIBUTION, ETC. (IMPRINT)
Place of publication, distribution, etc ঢাকা :
Name of publisher, distributor, etc ইসলামী ফাউণ্ডেশন বাংলাদেশ,
Date of publication, distribution, etc ১৯৮৮
300 ## - PHYSICAL DESCRIPTION
Pagination 298p. :
Dimensions 22cm.
650 ## - SUBJECT ADDED ENTRY--TOPICAL TERM
Topical term or geographic name as entry element Hadith
942 ## - ADDED ENTRY ELEMENTS (KOHA)
Source of classification or shelving scheme Dewey Decimal Classification
Koha item type Books
Holdings
Source of classification or shelving scheme volume number Damaged status Not for loan Home library Current library Shelving location Cost, normal purchase price Total Checkouts Full call number Barcode Date last seen Copy number Koha item type Date of accession
Dewey Decimal Classification V-2     JCC Rouf Library JCC Rouf Library General Stacks 65.00   297.124 MIR 1988 682 01/21/2018 C - 1 Books  
Dewey Decimal Classification V-4     JCC Rouf Library JCC Rouf Library General Stacks 100.00   297.124 MIR 1988 704 01/21/2018 C-2 Books  
Dewey Decimal Classification V-4     JCC Rouf Library JCC Rouf Library General Stacks 100.00   297.124 MIR 1988 748 01/25/2018 C-3 Books 01/25/2018

JCC Library | Contacts | JCC Home

Last Update on 23 September 2017
Copyright @ 2017-2020 JCC Rouf Library
Rouf Library, Jhenidah Cadet College (JCC), Bangladesh